000 00491nam a2200145Ia 4500
008 230917s9999||||xx |||||||||||||| ||und||
040 _e167618
_aMAIN
041 _aEnglish
082 _a891.4317109 MN474:RK
100 _aराजेश कुमारी
245 0 _aनरेश मेहता का काव्यः मूल्य और मूल्याकंन
260 _aदिल्ली
_bशब्द सेतु
_c2005
300 _a231 पृ. p.
942 _cHN
999 _c128782
_d128782